[Event "Gran Canaria-chT 1819 A"]
[Site "Gran Canaria"]
[Date "2018.11.17"]
[Round "1.4"]
[White "Perez Garcia, Pedro Manuel"]
[Black "Gonzalez Sastron, Pablo"]
[Result "1/2-1/2"]
[WhiteElo "1720"]
[BlackElo "1490"]
[PlyCount "91"]
[EventDate "2018.11.17"]
[EventType "swiss"]
[EventRounds "7"]
[EventCountry "ESP"]
[SourceTitle "EXT 2024"]
[Source "ChessBase"]
[SourceDate "2023.10.10"]
[SourceVersion "1"]
[SourceVersionDate "2023.10.10"]
[SourceQuality "1"]
[WhiteTeam "Aguas de Teror 8x8"]
[BlackTeam "Panaderia Pulido San Mateo"]
[WhiteTeamCountry "ESP"]
[BlackTeamCountry "ESP"]

1. c4 e6 2. Nc3 d5 3. d4 c5 4. e3 Nf6 5. Nf3 Nc6 6. Be2 dxc4 7. Bxc4 cxd4 8. Nxd4 Nxd4 9. Qxd4 Qxd4 10. exd4 Bb4 11. Be3 Ne4 12. Rc1 Bd7 13. Bd3 Nxc3 14. bxc3 Ba5 15. 0-0 Rc8 16. c4 0-0 17. Be4 Bc6 18. d5 exd5 19. cxd5 Bb5 20. Rfd1 b6 21. Rxc8 Rxc8 22. Rc1 Rxc1+ 23. Bxc1 Kf8 24. Ba3+ Ke8 25. Bb2 g6 26. f4 f5 27. Bf3 Bb4 28. g4 fxg4 29. Bxg4 Bd6 30. Be5 Ke7 31. Bd1 Bc4 32. Bb3 b5 33. Kf2 g5 34. Kf3 gxf4 35. Kxf4 a5 36. Ke4 Bxe5 37. Kxe5 Bxb3 38. axb3 a4 39. bxa4 bxa4 40. Kd4 Kd6 41. Kc4 a3 42. Kb3 a2 43. Kxa2 Kxd5 44. Kb3 Kd4 45. Kc2 Ke3 46. Kd1 1/2-1/2

[Event "Las Palmas Insular-chT Primera-B"]
[Site "Las Palmas"]
[Date "2015.12.19"]
[Round "7.4"]
[White "Perez Garcia, Pedro Manuel"]
[Black "Henriquez Cazorla, Laura"]
[Result "1-0"]
[WhiteElo "1761"]
[BlackElo "1491"]
[PlyCount "107"]
[EventDate "2015.10.17"]
[EventType "team-tourn"]
[EventRounds "14"]
[EventCountry "ESP"]
[SourceTitle "CBM 170 Extra"]
[Source "ChessBase"]
[SourceDate "2016.02.25"]
[SourceVersion "1"]
[SourceVersionDate "2016.02.25"]
[SourceQuality "1"]
[WhiteTeam "Goya Villa de Teror IV"]
[BlackTeam "La Caja de Canarias IV"]
[WhiteTeamCountry "ESP"]
[BlackTeamCountry "ESP"]

1. c4 Nf6 2. Nc3 g6 3. g3 Bg7 4. Bg2 0-0 5. Nf3 c6 6. 0-0 d5 7. cxd5 Nxd5 8. d4 Bf5 9. Re1 Nxc3 10. bxc3 Be4 11. Qb3 b6 12. Nd2 Bxg2 13. Kxg2 Qd5+ 14. e4 Qxb3 15. axb3 Rd8 16. Nf3 c5 17. Be3 Nc6 18. Red1 cxd4 19. Nxd4 Ne5 20. f3 Rac8 21. c4 Rd7 22. Nb5 Rxd1 23. Rxd1 Nc6 24. Rd7 a6 25. Na7 Nxa7 26. Rxa7 a5 27. Bxb6 Rb8 28. c5 Bd4 29. Rxa5 e6 30. Ra4 Be3 31. b4 Rc8 32. Ra7 Bd2 33. b5 Be3 34. Rc7 Rxc7 35. Bxc7 Bxc5 36. b6 Bxb6 37. Bxb6 Kg7 38. f4 f5 39. Kf3 Kf6 40. e5+ Kf7 41. h4 h5 42. Bd8 Ke8 43. Bf6 Kd7 44. Ke3 Kc6 45. Kd4 Kb5 46. Be7 Kc6 47. Kc4 Kb6 48. Kb4 Kc6 49. Ka5 Kd5 50. Kb6 Ke4 51. Kc6 Kf3 52. Kd6 Kxg3 53. Bg5 Kf3 54. Kxe6 1-0